Vista normal
Vista MARC
Entrada Geographic Name
Número de registros utilizados en: 2
001 - CONTROL NUMBER
- control field: 1592
003 - CONTROL NUMBER IDENTIFIER
- control field: OSt
005 - DATE AND TIME OF LATEST TRANSACTION
- control field: 20230503161806.0
008 - FIXED-LENGTH DATA ELEMENTS
- fixed length control field: 230503|| aca||aabn | a|a d
040 ## - CATALOGING SOURCE
- Original cataloging agency: OSt
- Transcribing agency: OSt
151 ## - HEADING--GEOGRAPHIC NAME
- Geographic name: Bojayá, Colombia
- General subdivision: Condiciones sociales
- Form subdivision: Novela
670 ## - SOURCE DATA FOUND
- Source citation: Work cat.: (OSt)0: Contreras Hernández, Mauricio 1960- autor 1588, Alicia y el dragón que moría de amor